000 00501nam a2200181Ia 4500
003 LK-CoDNM
008 010623t2007 xxu||||| |||| 00| 1 sin d
040 _aLK-CoDNM
_dLK-CoDNM
_eLK-CoDNM
041 _asin
080 _ax 92 ABE
100 _aAbesekara, Tissa
245 _aඅයාලේ ගිය සිතක සටහන්
246 _aAyale giya sithaka satahan
260 _bSarasavi prakashakayo
_aNugegoda
_c2007
300 _b(xvi)336, 22.5 cm
650 _aBiography
942 _cBK
999 _c126507
_d126507